000
00292nam a22001337a 4500
008
170731b xxu||||| |||| 00| 0 eng d
020
_a
025211226568
041
_a
eng
080
_a
004
100
_a
32
101
_a
SHKI
245
_a
MICROSOFT PROJECT 2000
_c
COURTER, G
942
_2
udc
_c
BK
999
_c
22166
_d
22166